000 00539cam a22002171 4500
001 sa 66007391
003 DLC
005 20260227112304.0
008 890619s1965 ii 000 0 beno
010 _asa 66007391
035 _a(OCoLC)19896614
040 _aDLC
_cWaU
_dOCoLC
_dDLC
042 _apremarc
050 0 0 _aPK1658
_b.B3
100 1 _aBasu, Suddha Sattwa,
_d1921-
245 1 0 _aBāṃlā bhāshāra bhūmikā.
260 _c[1965]
300 _a5, 300 p.
_c23 cm.
500 _aIn Bengali.
650 0 _aBengali language.
999 _c71155
_d71155